000 01049nam a22002537a 4500
999 _c21676
_d21676
003 AR-CdUCM
008 190304b ||||| |||| 00| 0 spa d
040 _aMUNICIPALIDAD PROVINCIAL DEL CUSCO
_cBIBLIOTECA MUNICIPAL DEL CUSCO
082 _a869.5592/S10
_bS10
245 _aApologético en favor de Clorinda Matto de Turner /
_cJulio Antonio Gutiérrez Samanez, compilación, ensayos y notas
260 _aCusco :
_bSociedad Pro Cultura Clorinda Matto de Turner ;
_aLima :
_bSinco editores,
_c2018.
300 _a494 paginas ;
_bil. (algunas col.), retrs. ;
_c25 cm.
500 _zIncluye referencias bibliográficas.
650 _aMatto de Turner, Clorinda
_945758
650 _aLiteratura peruana
_945759
650 _aEscritoras peruanas
_945760
650 _aCrítica e interpretación
_91144
650 _aEnsayos
_945761
650 _aSiglo XIX
_945762
700 _aGutiérrez Samanez, Julio Antonio (compilador)
_945763
710 _aSociedad Pro Cultura Clorinda Matto de Turner (Cusco)
_931998
942 _2ddc
_cLIBROS
945 _ar.a.c